000 00534nam a2200169 i 4500
001 63565
003 ES-MaACL
005 20230906164918.0
007 t|
008 031211s1932 sp ||||1| spa d
100 1 _aFerriere, Adolphe.
_950576
245 1 3 _aLa educación constructiva
_b: el progreso espiritual /
_cAdolphe Ferriere ; traducción por Rodolfo Tomás y Samper.
260 _aMadrid :
_bEspasa-Calpe,
_c1932.
300 _a398 p. ;
_c23 cm.
700 1 _aTomás y Samper, Rodolfo.
_9110534
852 _aES-MaACL
_jF-13920
999 _c63565
_d63565